000 00534nam a2200181Ia 4500
005 20250326142148.0
008 250326s9999 xx 000 0 und d
037 _aTextbook
040 _aFMSL
_beng
_cFMSL
041 _aeng
_2eng
084 _aX9S.1 M0
_qFMSL
100 _aBalasubramanyam V N
245 0 _aMultinational enterprises and the third world
_cBalasubramanyam V N
260 _aLondon
_bLondon, Trade Policy Research Centre
_c1980
300 _a89p
942 _cTB
_hX9S.1 M0
999 _c1293726
_d1293726